| 000 | 00536nam a2200193 a 4500 | ||
|---|---|---|---|
| 001 | BRCA_2538 | ||
| 005 | 20190320203845.0 | ||
| 008 | 261108s1924----gw-a---###---#000-0#ger-u | ||
| 050 | 4 |
_aNK4083 _b.P45 1924 |
|
| 100 | 1 |
_aPelka, Otto _97279 |
|
| 245 | 1 | 0 |
_aKeramik der neuzeit _cOtto Pelka. |
| 260 |
_aLeipzig, Alemania _bKlinkhardt & Biermann _c1924 |
||
| 300 |
_a221 p. _bil. _c23 cm. |
||
| 440 | 0 |
_aMonographien des Kunstgewerbes _v27-28 _97280 |
|
| 500 | _aA23 | ||
| 650 | 1 | 4 |
_aCerĂ¡mica _zEuropa _97281 |
| 902 | _aGFM | ||
| 942 |
_2lcc _cB |
||
| 999 |
_c2279 _d2279 |
||